Atlas histórico del cristianismo
Salvato in:
| Autore principale: | |
|---|---|
| Altri autori: | |
| Natura: | Libro |
| Lingua: | spagnolo |
| Pubblicazione: |
Madrid
San Pablo
1998
|
| Edizione: | 2a. ed |
| Soggetti: | |
| Tags: |
Aggiungi Tag
Nessun Tag, puoi essere il primo ad aggiungerne!!
|
MARC
| LEADER | 00000nam a2200000 a 4500 | ||
|---|---|---|---|
| 001 | UCG6142 | ||
| 003 | CL-VaPUC | ||
| 008 | 110407e19980000SP |||||||||||||||||spa|d | ||
| 020 | |a 8428520909 | ||
| 082 | 0 | 4 | |a 221.91 |b DUE |2 21 |
| 100 | 0 | |a Dué, Andrea |e author |9 556159 | |
| 700 | |a Laboa, Juan María |e autor |9 443395 | ||
| 245 | 1 | 0 | |a Atlas histórico del cristianismo |
| 250 | |a 2a. ed | ||
| 300 | |a 322 p | ||
| 942 | |c BK | ||
| 945 | |d 20110407 00:00:00 |a jcampos | ||
| 260 | |a Madrid |b San Pablo |c 1998 | ||
| 650 | 0 | |a Historia del cristianismo |9 473480 | |
| 650 | 0 | |a Mapas |9 260844 | |
| 583 | |a last modification |c 20110407 00:00:00 |k Rodrigo Vera | ||
| 999 | |c 344429 |d 344427 | ||
| 952 | |0 0 |1 0 |4 0 |6 221_910000000000000_DUE_1998 |7 0 |8 X |9 442399 |a BIBTEO |b BIBTEO |d 2019-11-22 |i 4763300 |o 221.91 DUE 1998 |p 4763300 |r 2025-01-17 |w 2019-11-22 |y BK_X |k ICR | ||